La Esposa de S.E. el jefe del Estado asiste, en Montserrat, a las fiestas de la patrona de Cataluña
Descripción Física:
Il·lustracions
Colección:
San Jorge,
; núm. 19 (juliol 1955), pàg 74
Materias:
Polo de Franco, Carmen
; Montserrat (Monestir)
; Visites oficials -- Montserrat (Catalunya : Massís)
Idioma:
Español
MARC
| LEADER | 00000naa a2200000 a 4500 | ||
|---|---|---|---|
| 003 | Arxiu | ||
| 005 | 20260324181024.0 | ||
| 008 | 160829s1955 spcaxx s spa c | ||
| 040 | |a AGDB | ||
| 245 | 1 | 3 | |a La Esposa de S.E. el jefe del Estado asiste, en Montserrat, a las fiestas de la patrona de Cataluña |
| 300 | |b Il·lustracions | ||
| 490 | |a San Jorge, |v núm. 19 (juliol 1955), pàg 74 | ||
| 600 | 1 | 0 | |a Polo de Franco, Carmen |9 54200 |
| 610 | 2 | 0 | |a Montserrat (Monestir) |9 54252 |
| 650 | 0 | |a Visites oficials |9 55366 |z Montserrat (Catalunya : Massís) | |
| 773 | |g Núm. 19 (juliol 1955), pàg 74 |t San Jorge. | ||
| 901 | |a Arxiu | ||
| 942 | |n 1 |2 udc |c ART | ||
| 952 | |0 0 |1 0 |4 0 |6 REV510 |7 1 |9 65257 |a Arxiu |b Arxiu |d 2023-02-08 |l 0 |o Rev-510 |r 2023-02-08 00:00:00 |w 2023-02-08 |y ARXIU |z També disponible a Rev-524 | ||
| 999 | |c 43892 |d 43892 | ||